|
|
|
|
| LEADER |
01156nam a2200265 u 4500 |
| 001 |
10117869 |
| 003 |
upatras |
| 005 |
20210117205608.0 |
| 008 |
151009s2009 gr gre |
| 020 |
|
|
|a 9789601903408
|
| 040 |
|
|
|a GR-PaULI
|c GR-PaULI
|
| 041 |
0 |
|
|a gre
|
| 082 |
0 |
4 |
|a 889.334
|
| 100 |
1 |
|
|a Μαντόγλου, Αργυρώ
|4 aut
|9 56684
|
| 245 |
1 |
0 |
|a Όλα στο μηδέν
|b μυθιστόρημα
|c Αργυρώ Μαντόγλου
|
| 260 |
|
|
|a Αθήνα
|b Ελληνικά Γράμματα
|c 2009
|
| 300 |
|
|
|a 384 σ.
|c 21 εκ.
|
| 490 |
0 |
|
|a Σύγχρονη ελληνική πεζογραφία
|
| 650 |
|
4 |
|9 146724
|a Παιχνίδια, Τυχερά
|x Μυθοπλασία
|
| 760 |
0 |
|
|a Σύγχρονη ελληνική πεζογραφία
|
| 852 |
|
|
|a GR-PaULI
|b ΠΑΤΡΑ
|b ΒΚΠ
|b ΔΩΡ
|k ΑΣΧΕ
|h 889.334 ΜΑΝ
|m 129679
|p 025000247375
|t 1
|g ΒΑΛ
|
| 942 |
|
|
|2 ddc
|c BK15
|
| 952 |
|
|
|0 0
|1 0
|2 ddc
|4 0
|6 889_334000000000000_ΜΑΝ
|7 0
|8 FIC
|9 185144
|a LISP
|b LISP
|c DON
|d 2016-04-24
|e ΒΑΛ
|i 129679
|l 1
|o 889.334 ΜΑΝ
|p 025000247375
|r 2024-06-27 00:00:00
|s 2024-06-19
|t 1
|w 2016-04-24
|y BK15
|
| 998 |
|
|
|c ΣΑΤΛΑΝΗΣ
|d 2010-10
|
| 999 |
|
|
|c 114066
|d 114066
|